000 01516nam a2200337 a 4500
003 DO-SdBNP
005 20260429123224.0
007 ta
008 210416b2019 dr ad||gr|||| 001 0dspa d
020 _a9789945590944
040 _aDO-SdBNP
_bspa
_cBNPHU
082 4 _a321.8
_bA946d
_222
245 1 3 _aLos avatares de la democracia en la globalización :
_bcrisis y desafíos de la democracia representativa /
_ceditores, Yvon Le Bot, Ernesto Ottone, Laura Faxas.
246 _aLos avatares de la democracia en la globalización
260 _aSanto Domingo :
_bFUNGLODE,
_c2019
300 _a237 p. :
_bil., grafcs., retrs, tablas ;
_c24 cm.
490 1 _aDemocracia
500 _aIncluye referencias bibliográficas y notas al pie de las páginas
500 _aIncluye datos biográficos del autor en la solapa de la cubierta
505 _aPresentación --
_rMarco Herrera, director ejecutivo de Funglode.
_tI: Conferencia introductoria.--
_tII. La crisis de la representatividad
_tIII. El populismo en Europa y en América latina.--
_tIV: Los nuevos escenarios y peligros para la democracia.
590 _aInventariado, 2021 /LP
650 0 _aDemocracia
_9286
650 0 _aParticipación política
_9456
700 1 _aFaxas, Laura,
_978421
_eed.
700 1 _aLe Bot, Yvon,
_978422
_ded.
700 1 _aOttone, Ernesto,
_978423
_ded.
710 2 _aFundación Global Democracía y Desarrollo
_925477
830 0 _aDemocracia
_933472
910 _aValidado. Control de calidad MFF
942 _2ddc
_cLBS1
999 _c49748
_d49748